Statistics for Quirky Geography Quiz

Click here to take the quiz!

General Stats

  • This quiz has been taken 28 times
  • The average score is 3 of 10

Answer Stats

HintAnswer% Correct
What is the only letter not in the name of any US State ?Q
88%
El Pueblo de Nuestra Senora la Reina de los Angeles de porciuncula is the full name of which US city ?Los Angeles
77%
What is the lowest country in the world ?Netherlands
50%
Which country has the oldest functioning democracy ?Iceland
35%
There is a city on every continent called.....?Rome
27%
In which North American city is the world's longest street ?Toronto
19%
Which city is the most isolated in the world ?Perth
15%
What is the only country in the world that has never imposed censorship for adult films ?Belgium
12%
The only city in world whose name contains only vowels which is found in the US ?Aiea
4%
There are more Rolls Royce cars on this island per person than any where else in the world ?Hong Kong
4%

Score Distribution

Percentile by Number Answered

Percent of People with Each Score

Your Score History

You have not taken this quiz